| 000 | 00712nam a2200229 a 4500 | ||
|---|---|---|---|
| 999 |
_c888 _d888 |
||
| 001 | 888 | ||
| 003 | BD-JhCC | ||
| 005 | 20171011131410.0 | ||
| 008 | 171011s2013 bg |||| ||a| 000 0 ben d | ||
| 020 | _a9789847210063 | ||
| 035 | _a(BD-JhCC)888 | ||
| 040 |
_aBD-JhCC _dBD-JhCC |
||
| 041 | _aben | ||
| 082 |
_a891.443 _bMBN 2013 |
||
| 100 | _aমল্লবর্মণ, অদ্বৈত | ||
| 245 |
_aতিতাস একটি নদীর নাম / _cঅদ্বৈত মল্লবর্মণ |
||
| 260 |
_aঢাকা : _bবুকক্লাব প্রকাশনী, _c২০১৩. |
||
| 300 |
_a254 p. : _bill, ; _c21 cm. |
||
| 650 | _aBengali Novel | ||
| 942 |
_2ddc _cBK |
||